000 00958nam a2200253 a 4500
001 000028800
005 20260312134858.0
008 110412s2010 dr 000 0 spa d
020 _a9789993467601
040 _aDO-SdBNP
_bspa
_cBNPHU
082 _a370.114
_bA445m
100 1 _aAlmánzar García, José Nicolás
_93006
245 1 0 _aManual de educación moral y cívica :
_bpara el ciudadano dominicano /
_cJosé Nicolás Almánzar García ; presentación de Daniel Toribio.
260 _aSanto Domingo :
_bBanReservas,
_c2010.
300 _a326 p. ;
_c23 cm.
500 _aIncluye datos biográficos del autor en las solapas de la cubierta.
504 _aBibliografía: p.325-326
590 _aInventariado, 2018/LP
650 4 _aEducación cívica
_xEnseñanza
_935860
650 4 _aEducación moral
_xEnseñanza
_935859
650 0 _aÉtica social
_91353
700 1 _aToribio, Daniel,
_epresent.
_9588
910 _aValidado. Control de calidad EMS
999 _c28292
_d28292